000 00603nam a2200217Ia 4500
003 OSt
005 20220925235509.0
006 a|||||r|||| 00| 0
007 ta
008 220923b |||||||| |||| 00| 0 eng d
037 _cGeneral Book
040 _aRTL
_cRTL
_beng
041 _2eng
_aeng
082 _aX:75.2.N8, M6/SC
100 _aSINHA R.K. Ed.
_9129840
245 0 _aEconomic Planning in India.
260 _a New Delhi
_bDeep & Deep Publications
_c1986
300 _a375p.
_ccm.
942 _hX:75.2.N8, M6/SC
_cGB
_2CC
999 _c597403
_d597403